[Event "13. Navalmoral de la Mata"]
[Site "Navalmoral de la Mata ESP"]
[Date "2007.12.08"]
[Round "6.8"]
[White "Burmakin, Vladimir"]
[Black "Figuero Toro, Julian"]
[Result "1/2-1/2"]
[WhiteElo "2593"]
[BlackElo "2251"]
[PlyCount "56"]
[EventDate "2007.12.05"]
[EventType "swiss"]
[EventRounds "9"]
[EventCountry "ESP"]
[Source "lmi"]
[SourceDate "2007.12.05"]

1. d4 d5 2. Nf3 c6 3. c4 e6 4. Nbd2 f5 5. g3 Nf6 6. Bg2 Bd6 7. O-O Nbd7 8. Qc2
O-O 9. Ne1 Qe7 10. Nd3 Ne4 11. f3 Nxd2 12. Bxd2 dxc4 13. Qxc4 c5 14. f4 Rb8 15.
Be3 b5 16. Qc1 c4 17. Ne5 Bxe5 18. dxe5 Nb6 19. Rd1 Bb7 20. Bxb6 Bxg2 21. Kxg2
Rxb6 22. Qd2 Rc8 23. Qd7 Rc7 24. Qxe7 Rxe7 25. Kf2 Rc7 26. Rd8+ Kf7 27. Rc1
Rbb7 28. Rd6 b4 1/2-1/2